000 00261nam a2200109Ia 4500
001 587522
005 20250717113817.0
008 250717s9999 xx 000 0 und d
245 0 _aX-10 DÖRTNALA
_cKITSON JAZYNKA
260 _bBETA YAYINLARI
_c2020
300 _b48
999 _c587522
_d587522